000 00911nam a2200205 a 4500
001 BRCA_1200
005 20190320203326.0
008 041108s2003 mx-a---###---#000-0#spa-#
020 _a9703504957
050 4 _aND1329.3.W6
_b.M66 2003
245 1 0 _aMonjas coronadas
_bvida conventual femenina en Hispanoamérica.
260 _aMéxico
_bCONACULTA-INAH : Museo Nacional del Virreinato : Ministerio de Cultura. República de Colombia : Museo Nacional de Colombia
_c2003
300 _a177 p.
_bil. a color
_c32 cm.
500 _aCatálogo de la exposición realizada en el Museo Nacional del Virreinato (Ciudad de México), noviembre 2003 - marzo 2004
504 _aBibliografía : p. [185-187]
650 1 4 _aMonjas coronadas
_xEn la pintura
_ySiglo XVII y XVIII
_93944
650 1 4 _aPintura religiosa
_xBarroco
_zAmérica Latina
_93945
650 1 4 _aVida social y religiosa
_zAmérica Latina
_93946
942 _2lcc
_cB
999 _c1073
_d1073